Powiaty i miasta na prawach powiatu graniczące z Niemcami. - Statystyki

Ogólne statystyki
  • Ten quiz został rozwiązany 21 razy
  • Średni wynik to 7 z 9
Statystyki odpowiedzi
województwo powiat/miasto na prawach powiatu % Poprawnych
Zachodniopomorskie Świnoujście
100%
Zachodniopomorskie policki
93%
Lubuskie słubicki
93%
Dolnośląskie zgorzelecki
87%
Lubuskie gorzowski
80%
Zachodniopomorskie gryfiński
80%
Lubuskie żarski
80%
Lubuskie krośnieński
67%
Zachodniopomorskie myśliborski
67%
Nie znaleziono quizów pasujących do podanych kryteriów
Rozkład punktacji
Procent ludzi z każdym wynikiem
Percentyl według liczby udzielonych odpowiedzi
Twoja historia wyników
Nie rozwiązałeś tego quizu